000 00471nam a22001817a 4500
003 LK-CoDNM
005 20250224140844.0
008 250224b |||||||| |||| 00| 0 eng d
040 _aLK-CoDNM
_dLK-CoDNM
_eLK-CoDNM
041 _aeng
080 _aRC
_b463
100 _aIvor Jennings
245 _aComments on the Constitution
260 _aCeylon
_bThe Ceylon Daily News
_c1947
300 _a19p.: 21 cm
650 _aComments on the Constitution
942 _cBK
999 _c238388
_d238388